[Event "Rated Rapid game"]
[Site "?"]
[Date "2021.05.01"]
[Round "?"]
[White "REMIT_01"]
[Black "VVV-31"]
[Result "0-1"]
[WhiteElo "2435"]
[BlackElo "2278"]
[PlyCount "86"]
[EventDate "2021.??.??"]
[EventType "rapid"]

1. e4 e5 2. Nf3 d5 3. Nxe5 Bd6 4. d4 dxe4 5. Nc4 Nf6 6. Nxd6+ Qxd6 7. Be2 O-O
8. O-O h6 9. Nc3 Rd8 10. Be3 a6 11. Qd2 Nc6 12. Rad1 Ne7 13. f3 exf3 14. Bxf3
Bg4 15. Bxg4 Nxg4 16. Bf4 Qb6 17. h3 Nf6 18. b3 Nf5 19. Bxc7 Qxc7 20. Rxf5 Rac8
21. Rxf6 gxf6 22. Qxh6 Qxc3 23. Rd3 Qe1+ 24. Kh2 Rd5 25. c4 Rg5 26. Qxf6 Rg6
27. Qf5 Re8 28. Rf3 Qe6 29. Qf4 Qd6 30. Qxd6 Rxd6 31. d5 b6 32. a4 a5 33. g4
Kg7 34. h4 Re4 35. Kg3 Rf6 36. Rd3 Rff4 37. d6 Rxg4+ 38. Kf3 Rd4 39. Ke3 Rxd3+
40. Kxd3 Kf6 41. h5 Ke6 42. h6 Kxd6 43. h7 Rh4 {Normal} 0-1

[Event "Rated Blitz game"]
[Site "?"]
[Date "2021.05.01"]
[Round "?"]
[White "Klemos"]
[Black "Killerrhino"]
[Result "1-0"]
[WhiteElo "2450"]
[BlackElo "2401"]
[PlyCount "55"]
[EventDate "2021.??.??"]
[EventType "blitz"]

1. e4 e5 2. Nf3 d5 3. exd5 e4 4. Qe2 Nf6 5. Nc3 Bf5 6. d3 Bb4 7. Bd2 Bxc3 8.
Bxc3 Qxd5 9. dxe4 Bxe4 10. Bxf6 gxf6 11. Nd2 O-O 12. Nxe4 Nd7 13. Rd1 Qa5+ 14.
c3 Rfe8 15. Rxd7 f5 16. Nf6+ Kf8 17. Nxh7+ Kg7 18. Re7 Rxe7 19. Qxe7 Kxh7 20.
Qxf7+ Kh6 21. Qe6+ Kg7 22. Bc4 Qa4 23. O-O Re8 24. Qf7+ Kh6 25. Qf6+ Kh7 26.
Bf7 Re2 27. Qg6+ Kh8 28. Qg8# {Normal} 1-0

[Event "Rated Blitz game"]
[Site "?"]
[Date "2021.05.01"]
[Round "?"]
[White "Misi_95"]
[Black "Erow"]
[Result "1-0"]
[WhiteElo "2683"]
[BlackElo "2649"]
[PlyCount "87"]
[EventDate "2021.??.??"]
[EventType "blitz"]

1. e4 e5 2. Nf3 d5 3. exd5 e4 4. Ne5 Qxd5 5. d4 exd3 6. Nxd3 Nf6 7. Nc3 Qd8 8.
Bg5 Be7 9. Be2 O-O 10. O-O Nc6 11. Bf3 Bd7 12. Re1 Re8 13. Ne5 Nxe5 14. Rxe5 c6
15. Qd3 Qc7 16. Rae1 Be6 17. h3 Rad8 18. Qe3 a6 19. Rxe6 fxe6 20. Qxe6+ Kh8 21.
Qf5 Bc5 22. Ne4 Re5 23. Qf4 Rf8 24. Bxf6 Rxf6 25. Qh4 Rf8 26. Rd1 Be7 27. Qg3
h6 28. Qg6 Bf6 29. Bg4 Qa5 30. c3 Be7 31. Ng3 Qc5 32. Rd2 Bh4 33. Ne4 Qe7 34.
f3 Rd8 35. Rxd8+ Qxd8 36. f4 Re7 37. Bf5 Qb6+ 38. Kh2 Bg3+ 39. Qxg3 Rxe4 40.
Qg6 Qg1+ 41. Kxg1 Re1+ 42. Kh2 Kg8 43. Be6+ Kf8 44. Qf7# {Normal} 1-0

[Event "Rated Rapid game"]
[Site "?"]
[Date "2021.05.01"]
[Round "?"]
[White "rish3"]
[Black "ahmedesmail999"]
[Result "1-0"]
[WhiteElo "2241"]
[BlackElo "2401"]
[PlyCount "147"]
[EventDate "2021.??.??"]
[EventType "rapid"]

1. e4 e5 2. Nf3 d5 3. Nxe5 Nd7 4. Nxd7 Qxd7 5. exd5 Qxd5 6. Nc3 Qa5 7. Bc4 Be6
8. Bxe6 fxe6 9. Qg4 O-O-O 10. Qxe6+ Kb8 11. O-O Nf6 12. d3 Bd6 13. Qb3 Qe5 14.
g3 h5 15. Bf4 Qf5 16. Bxd6 Rxd6 17. Rae1 h4 18. Ne4 Rb6 19. Qc3 Qh3 20. Re2 a5
21. Nxf6 Rxf6 22. Rfe1 Rff8 23. Qe5 Rf5 24. Qd4 Rff8 25. Qa4 c6 26. Qxa5 hxg3
27. fxg3 Qd7 28. Qe5+ Ka8 29. Qa5+ Kb8 30. Qe5+ Ka8 31. Qe6 Qd4+ 32. Qe3 Qxb2
33. Qe5 Qb6+ 34. Qe3 c5 35. c4 Rd8 36. Qc1 Rxd3 37. Qc2 Ra3 38. Re8+ Rxe8 39.
Rxe8+ Ka7 40. Re2 Qb4 41. h4 Rc3 42. Qg6 Qxc4 43. Rf2 Rc1+ 44. Kg2 Rc3 45. Qxg7
Qe4+ 46. Kh2 Rc1 47. Rg2 Qe1 48. Kh3 Qe6+ 49. Kh2 Qe3 50. Qb2 Rc3 51. Qf2 Qd3
52. Qf4 Ra3 53. Qf2 Qc3 54. Qc2 Qe3 55. Qf2 Qc3 56. Qf4 Ra6 57. Qg5 Rc6 58. Qf4
Qh8 59. Qa4+ Kb6 60. Rb2+ Kc7 61. Qa5+ Kb8 62. Rg2 Ra6 63. Qd2 Rc6 64. Qf4+ Ka8
65. Qa4+ Kb8 66. Qf4+ Ka8 67. a4 Qa1 68. Qf8+ Ka7 69. Qf4 Qxa4 70. Qxa4+ Ra6
71. Qb5 Rc6 72. Rc2 Rb6 73. Qxc5 Ka6 74. Ra2# {Normal} 1-0

[Event "Rated Blitz tournament Z55QJHEp"]
[Site "?"]
[Date "2021.05.01"]
[Round "?"]
[White "LudovicM59"]
[Black "JellalFernandes"]
[Result "0-1"]
[WhiteElo "2413"]
[BlackElo "2575"]
[PlyCount "25"]
[EventDate "2021.??.??"]
[EventType "blitz"]

1. e4 e5 2. Nf3 d5 3. exd5 Bd6 4. Nc3 Nf6 5. Bc4 e4 6. Qe2 O-O 7. Nd4 Be5 8.
Nb3 Re8 9. h3 c6 10. d6 b5 11. Nxb5 cxb5 12. Bxb5 Bd7 13. a3 {Normal} 0-1

[Event "Rated Blitz game"]
[Site "?"]
[Date "2021.05.01"]
[Round "?"]
[White "Madagascar3000"]
[Black "Batokiri_CMP"]
[Result "0-1"]
[WhiteElo "2603"]
[BlackElo "2333"]
[PlyCount "86"]
[EventDate "2021.??.??"]
[EventType "blitz"]

1. e4 e5 2. Nf3 d5 3. exd5 e4 4. Qe2 Be7 5. Qxe4 Nf6 6. Qe2 O-O 7. Nc3 Bb4 8.
Qc4 Re8+ 9. Be2 Bxc3 10. dxc3 b6 11. Qd3 Qxd5 12. O-O Qe6 13. Re1 Ba6 14. c4
Nc6 15. Be3 Rad8 16. Ng5 Rxd3 17. Nxe6 Rxe3 18. fxe3 Rxe6 19. Bd3 Ne5 20. b3
Bb7 21. h3 g6 22. Rad1 c5 23. Bf1 Re7 24. Rd8+ Kg7 25. Kf2 Nc6 26. Rd6 Ne4+ 27.
Kf3 Nxd6 28. e4 Nd4+ 29. Kg3 Nxe4+ 30. Kh2 Re6 31. Bd3 Nf2 32. Rb1 Nxd3 33.
cxd3 Re2 34. Kg3 g5 35. Rg1 f5 36. h4 Rxa2 37. hxg5 Ne2+ 38. Kh4 Nxg1 39. b4
Rxg2 40. b5 Nf3+ 41. Kh3 Nxg5+ 42. Kh4 Kg6 43. d4 Rg4# {Normal} 0-1

[Event "Rated Blitz game"]
[Site "?"]
[Date "2021.05.01"]
[Round "?"]
[White "jim2600"]
[Black "batasjon"]
[Result "1-0"]
[WhiteElo "2511"]
[BlackElo "2373"]
[PlyCount "67"]
[EventDate "2021.??.??"]
[EventType "blitz"]

1. e4 e5 2. Nf3 d5 3. Nc3 dxe4 4. Nxe4 f5 5. Nc3 e4 6. Ne5 Qd4 7. Nc4 Be6 8. d3
Bb4 9. Bd2 Bxc4 10. dxc4 Nf6 11. a3 Bc5 12. Be3 Qxd1+ 13. Rxd1 Bxe3 14. fxe3 c6
15. c5 Nbd7 16. b4 a5 17. Bc4 axb4 18. axb4 Ke7 19. Ke2 Ne5 20. Bb3 Rhd8 21.
Rxd8 Kxd8 22. Rf1 g6 23. h3 h5 24. h4 Ke7 25. Rd1 Rd8 26. Ra1 Ned7 27. Ra7 Rb8
28. Kd2 Ng4 29. Ne2 Kf6 30. Nf4 Nde5 31. Ke2 b6 32. cxb6 Rxb6 33. c3 c5 34.
Nd5+ {Normal} 1-0

[Event "Rated Blitz game"]
[Site "?"]
[Date "2021.05.01"]
[Round "?"]
[White "Made_in_KG"]
[Black "vvvche83"]
[Result "1-0"]
[WhiteElo "2571"]
[BlackElo "2417"]
[PlyCount "59"]
[EventDate "2021.??.??"]
[EventType "blitz"]

1. e4 e5 2. Nf3 d5 3. Nxe5 dxe4 4. d4 Nd7 5. Nxd7 Bxd7 6. Be3 Nf6 7. c4 Bb4+ 8.
Nc3 c5 9. dxc5 Qa5 10. Qc2 O-O-O 11. Be2 Rhe8 12. O-O Bxc5 13. Bxc5 Qxc5 14. a3
Bc6 15. b4 Qg5 16. b5 Rd2 17. Qc1 Bd7 18. Rd1 Rxd1+ 19. Qxd1 e3 20. f3 Nh5 21.
Nd5 Nf4 22. Nxf4 Qxf4 23. c5 h5 24. Rc1 Bf5 25. c6 b6 26. Qb3 Be6 27. Qc3 Qg5
28. c7 Bh3 29. g3 Re5 30. f4 {Normal} 1-0

[Event "Rated Blitz game"]
[Site "?"]
[Date "2021.05.01"]
[Round "?"]
[White "MRMANiA"]
[Black "roger100"]
[Result "1-0"]
[WhiteElo "2410"]
[BlackElo "2267"]
[PlyCount "45"]
[EventDate "2021.??.??"]
[EventType "blitz"]

1. e4 e5 2. Nf3 d5 3. exd5 e4 4. Qe2 Nf6 5. d3 Bb4+ 6. Nc3 O-O 7. dxe4 Re8 8.
e5 Nxd5 9. Bd2 Bxc3 10. Bxc3 Nxc3 11. bxc3 Nc6 12. Rd1 Qe7 13. Qe3 Bg4 14. Be2
Bxf3 15. Bxf3 Nxe5 16. O-O Qf6 17. Bxb7 Rab8 18. Qxa7 c6 19. Ba6 Rb2 20. Bd3
Qf4 21. Rde1 h5 22. Qd4 Qf6 23. f4 {Normal} 1-0

[Event "Rated Blitz game"]
[Site "?"]
[Date "2021.05.01"]
[Round "?"]
[White "DBBM"]
[Black "vvvche83"]
[Result "1-0"]
[WhiteElo "2541"]
[BlackElo "2441"]
[PlyCount "43"]
[EventDate "2021.??.??"]
[EventType "blitz"]

1. e4 e5 2. Nf3 d5 3. Nxe5 dxe4 4. Nc3 Nd7 5. Nxd7 Bxd7 6. Nxe4 Nf6 7. Nxf6+
Qxf6 8. Be2 Bd6 9. O-O O-O-O 10. Bf3 h5 11. d3 Qe5 12. g3 h4 13. Bf4 Qf6 14.
Bxd6 Qxd6 15. Re1 hxg3 16. fxg3 Rh6 17. Qd2 Rdh8 18. Re2 Bc6 19. Bxc6 Qxc6 20.
Qe3 Re6 21. Qf2 Re5 22. Rxe5 {Normal} 1-0

[Event "Rated Blitz game"]
[Site "?"]
[Date "2021.05.01"]
[Round "?"]
[White "haychesspoker"]
[Black "Rusert"]
[Result "1-0"]
[WhiteElo "2450"]
[BlackElo "2513"]
[PlyCount "39"]
[EventDate "2021.??.??"]
[EventType "blitz"]

1. e4 e5 2. Nf3 d5 3. exd5 e4 4. Qe2 Nf6 5. d3 Qxd5 6. Nbd2 Bf5 7. Nh4 Nc6 8.
Nxf5 Qxf5 9. Nxe4 O-O-O 10. Nxf6 gxf6 11. Be3 Qa5+ 12. Qd2 Bb4 13. c3 Bd6 14.
d4 Rhg8 15. g3 Qd5 16. Rg1 Qh5 17. Bg2 Qxh2 18. O-O-O Na5 19. Qe2 Bxg3 20. fxg3
{Normal} 1-0

[Event "Rated Blitz game"]
[Site "?"]
[Date "2021.05.01"]
[Round "?"]
[White "Kitikites"]
[Black "Taabling"]
[Result "1-0"]
[WhiteElo "2533"]
[BlackElo "2461"]
[PlyCount "87"]
[EventDate "2021.??.??"]
[EventType "blitz"]

1. e4 e5 2. Nf3 d5 3. Nc3 d4 4. Ne2 f6 5. d3 c5 6. g3 Nc6 7. Bg2 Be6 8. O-O g5
9. Ne1 h5 10. f4 gxf4 11. gxf4 h4 12. f5 Bf7 13. Nf3 h3 14. Bh1 Nh6 15. Ng3 Qc7
16. c4 O-O-O 17. Nh4 Rg8 18. Ng6 Bxg6 19. fxg6 Rxg6 20. Qh5 Qg7 21. Qxh3+ Kb8
22. Bf3 Bd6 23. Bh5 Rh8 24. Bxg6 Qxg6 25. Qe6 Be7 26. Bxh6 Qxh6 27. Rf2 Qe3 28.
Rd1 Bd8 29. Qf5 Nb4 30. Qf3 Qh6 31. a3 Nc6 32. Nf5 Qh7 33. Rg2 a6 34. Kh1 Ka7
35. Rdg1 Bc7 36. Qe2 Qh3 37. Rg3 Qh5 38. Qxh5 Rxh5 39. Rg7 Bd8 40. Nd6 Ne7 41.
Rxe7 Bxe7 42. Nc8+ Kb8 43. Nxe7 Rh3 44. Rg3 {Normal} 1-0

[Event "Rated Rapid game"]
[Site "?"]
[Date "2021.05.01"]
[Round "?"]
[White "Player9609090"]
[Black "artemchess2011ASA"]
[Result "1-0"]
[WhiteElo "2566"]
[BlackElo "2445"]
[PlyCount "99"]
[EventDate "2021.??.??"]
[EventType "rapid"]

1. e4 e5 2. Nf3 d5 3. exd5 e4 4. Qe2 Nf6 5. d3 Qxd5 6. Nbd2 Bf5 7. dxe4 Nxe4 8.
Nh4 g6 9. Nxf5 gxf5 10. f3 Nc6 11. fxe4 Qc5 12. exf5+ Kd7 13. Qc4 Re8+ 14. Kd1
Qf2 15. Qxf7+ Re7 16. Qd5+ Kc8 17. Bb5 Bh6 18. Rf1 Qe3 19. Qf3 Qxf3+ 20. Rxf3
Nd4 21. Bd3 Nxf3 22. Nxf3 Bxc1 23. Rxc1 Rg8 24. g3 c5 25. Kd2 Rd8 26. Re1 Rf7
27. Kc3 b5 28. Re5 c4 29. Be4 a6 30. Nd4 h5 31. Rc5+ Kd7 32. Rd5+ Ke8 33. Rxd8+
Kxd8 34. Ne6+ Ke7 35. Kd4 Kf6 36. Kc5 Ke5 37. a4 bxa4 38. Kxc4 h4 39. g4 h3 40.
Kb4 Rd7 41. Bd3 Rb7+ 42. Ka3 a5 43. g5 Rb8 44. g6 Kf6 45. Kxa4 Rxb2 46. Kxa5
Rb1 47. Nf8 Ra1+ 48. Kb4 Rb1+ 49. Kc5 Rb8 50. Nd7+ {Normal} 1-0

[Event "Rated Blitz game"]
[Site "?"]
[Date "2021.05.01"]
[Round "?"]
[White "Antrazit"]
[Black "pasha1984"]
[Result "0-1"]
[WhiteElo "2401"]
[BlackElo "2388"]
[PlyCount "26"]
[EventDate "2021.??.??"]
[EventType "blitz"]

1. e4 e5 2. Nf3 d5 3. Nxe5 dxe4 4. d4 Bd6 5. Nc4 Nc6 6. Be3 Nf6 7. Be2 O-O 8.
O-O Bf5 9. Nxd6 Qxd6 10. c4 Rad8 11. d5 Ne5 12. Nc3 Nfg4 13. h3 Nf3+ {Normal}
0-1

[Event "Rated Blitz tournament 4DwHcAHV"]
[Site "?"]
[Date "2021.05.01"]
[Round "?"]
[White "Felix_Kuznetsov"]
[Black "le180878na"]
[Result "1/2-1/2"]
[WhiteElo "2632"]
[BlackElo "2340"]
[PlyCount "83"]
[EventDate "2021.??.??"]
[EventType "blitz"]

1. e4 e5 2. Nf3 d5 3. exd5 e4 4. Qe2 Nf6 5. d3 Qxd5 6. Nc3 Bb4 7. Bd2 Bxc3 8.
Bxc3 O-O 9. dxe4 Qxe4 10. Bxf6 Qxe2+ 11. Bxe2 gxf6 12. O-O-O Nc6 13. Rhe1 Be6
14. Nd4 Nxd4 15. Rxd4 Rad8 16. Red1 Rxd4 17. Rxd4 Re8 18. Bf3 b6 19. a3 Kf8 20.
Kd2 Ke7 21. g3 Rd8 22. Ke3 Rxd4 23. Kxd4 Kd6 24. b4 c5+ 25. bxc5+ bxc5+ 26. Ke3
Ke5 27. Be4 h6 28. f4+ Kd6 29. f5 Bd7 30. Kf4 a5 31. c3 Ba4 32. Bf3 Bc2 33. c4
Bd3 34. Bd5 Ke7 35. g4 Be2 36. h4 Bf1 37. g5 fxg5+ 38. hxg5 hxg5+ 39. Kxg5 f6+
40. Kf4 Bd3 41. Be6 Kd6 42. Bd5 {Normal} 1/2-1/2

[Event "Rated Blitz game"]
[Site "?"]
[Date "2021.05.01"]
[Round "?"]
[White "StiffMaster1"]
[Black "annaly1979"]
[Result "1-0"]
[WhiteElo "2501"]
[BlackElo "2388"]
[PlyCount "27"]
[EventDate "2021.??.??"]
[EventType "blitz"]

1. e4 e5 2. Nf3 d5 3. Nxe5 Qe7 4. d4 f6 5. Nd3 Nc6 6. c3 Bf5 7. Be3 Bxe4 8. Nc5
O-O-O 9. Qa4 Qf7 10. Ba6 Bxc5 11. Qxc6 bxa6 12. Qxa6+ Kb8 13. dxc5 Bxg2 14. c6
{Normal} 1-0

[Event "Rated Blitz game"]
[Site "?"]
[Date "2021.05.01"]
[Round "?"]
[White "RomanovRG"]
[Black "blastol"]
[Result "0-1"]
[WhiteElo "2337"]
[BlackElo "2422"]
[PlyCount "38"]
[EventDate "2021.??.??"]
[EventType "blitz"]

1. e4 e5 2. Nf3 d5 3. exd5 Bd6 4. Nc3 Nf6 5. Bb5+ c6 6. dxc6 bxc6 7. Bc4 e4 8.
Nd4 O-O 9. Nb3 Re8 10. h3 Qe7 11. O-O Qe5 12. f4 exf3 13. Qxf3 Qh2+ 14. Kf2 Bg4
15. Qd3 Nbd7 16. Ba6 Rad8 17. Re1 Nc5 18. Rxe8+ Rxe8 19. Qd4 Bg3+ {Normal} 0-1

[Event "Rated Blitz game"]
[Site "?"]
[Date "2021.05.01"]
[Round "?"]
[White "MrPilsner"]
[Black "Slimslik02"]
[Result "1-0"]
[WhiteElo "2518"]
[BlackElo "2356"]
[PlyCount "91"]
[EventDate "2021.??.??"]
[EventType "blitz"]

1. e4 e5 2. Nf3 d5 3. exd5 e4 4. Qe2 Nf6 5. Nc3 Bb4 6. Nxe4 O-O 7. Nxf6+ Qxf6
8. c3 Bd6 9. d4 Bg4 10. Be3 Nd7 11. h3 Bf5 12. Qd2 Nb6 13. c4 Rfe8 14. c5 Nxd5
15. cxd6 Nxe3 16. fxe3 Qxd6 17. Kf2 Be4 18. Bd3 Re6 19. Bxe4 Rxe4 20. Qc2 Rae8
21. Rhe1 f5 22. Qb3+ Kh8 23. Ng5 R4e7 24. Nf7+ Rxf7 25. Qxf7 Rf8 26. Qh5 f4 27.
Kg1 f3 28. gxf3 Qg3+ 29. Kh1 Qf2 30. Qg4 g6 31. Qg2 Qh4 32. Rac1 c6 33. Kh2 Rf5
34. Qg3 Qf6 35. Rf1 Kg7 36. Rc5 Rxc5 37. dxc5 Qxb2+ 38. Rf2 Qc3 39. Qf4 Kg8 40.
Qd4 Qa3 41. Rd2 h5 42. Qd8+ Kh7 43. Rd7+ Kh6 44. Qh8+ Kg5 45. Qe5+ Kh6 46. Qf4+
{Normal} 1-0

[Event "Rated Blitz game"]
[Site "?"]
[Date "2021.05.01"]
[Round "?"]
[White "S_Guliev"]
[Black "blastol"]
[Result "0-1"]
[WhiteElo "2410"]
[BlackElo "2420"]
[PlyCount "20"]
[EventDate "2021.??.??"]
[EventType "blitz"]

1. e4 e5 2. Nf3 d5 3. Nxe5 Bd6 4. d4 dxe4 5. Nc4 f5 6. f3 Qh4+ 7. Ke2 exf3+ 8.
gxf3 Nc6 9. Nxd6+ cxd6 10. Qe1 Nxd4+ {Normal} 0-1

[Event "Rated Blitz tournament Z55QJHEp"]
[Site "?"]
[Date "2021.05.01"]
[Round "?"]
[White "macsimilushin"]
[Black "JellalFernandes"]
[Result "0-1"]
[WhiteElo "2510"]
[BlackElo "2562"]
[PlyCount "94"]
[EventDate "2021.??.??"]
[EventType "blitz"]

1. e4 e5 2. Nf3 d5 3. Nxe5 Bd6 4. d4 dxe4 5. Nc3 Bxe5 6. dxe5 Qxd1+ 7. Nxd1 Nc6
8. Nc3 Bf5 9. Bb5 Nge7 10. Bg5 a6 11. Ba4 b5 12. Bb3 Rd8 13. O-O h6 14. Bh4 O-O
15. Rfe1 Rd2 16. Nxe4 Bxe4 17. Rxe4 Nf5 18. Bg3 Na5 19. Bf4 Nxb3 20. cxb3 Rxb2
21. g4 Ne7 22. Bc1 Rc2 23. Ba3 c5 24. Rc1 Rxc1+ 25. Bxc1 Nd5 26. e6 Re8 27.
exf7+ Kxf7 28. Rxe8 Kxe8 29. Kg2 Nb4 30. a3 Na2 31. Bb2 Kf7 32. f4 c4 33. bxc4
bxc4 34. Kf3 c3 35. Bxc3 Nxc3 36. Ke3 Ke6 37. Kd3 Nb5 38. a4 Nc7 39. Kd4 Kd6
40. f5 Nd5 41. h4 a5 42. g5 hxg5 43. hxg5 Nb6 44. f6 gxf6 45. gxf6 Nxa4 46. Kc4
Nb6+ 47. Kb5 a4 {Normal} 0-1

[Event "Rated Blitz tournament 4DwHcAHV"]
[Site "?"]
[Date "2021.05.01"]
[Round "?"]
[White "Semenychev_Alexander"]
[Black "le180878na"]
[Result "0-1"]
[WhiteElo "2556"]
[BlackElo "2280"]
[PlyCount "108"]
[EventDate "2021.??.??"]
[EventType "blitz"]

1. e4 e5 2. Nf3 d5 3. exd5 e4 4. Ne5 Qxd5 5. d4 exd3 6. Nxd3 Nf6 7. Nc3 Qh5 8.
Be2 Qg6 9. Bf3 Nc6 10. Nb5 Bd6 11. Nxd6+ cxd6 12. Qe2+ Be6 13. Nf4 Qf5 14. g4
Qe5 15. Bxc6+ bxc6 16. Qxe5 dxe5 17. Nxe6 fxe6 18. h3 Ke7 19. Ke2 Nd5 20. c3
Nf4+ 21. Kf3 Rhf8 22. Ke4 Rad8 23. Be3 Nd3 24. Bg5+ Ke8 25. Bxd8 Nxf2+ 26. Ke3
Nxh1 27. Bh4 g5 28. Bxg5 Nf2 29. Bh6 Rf7 30. Rf1 Nxh3 31. Rxf7 Kxf7 32. Ke4
Nf2+ 33. Kf3 Nd3 34. b3 Kg6 35. Be3 a6 36. Ke4 Nb2 37. Kxe5 Nd1 38. Bd2 Kf7 39.
Kf4 Nf2 40. Kf3 Nd1 41. Ke2 Nb2 42. Bc1 Na4 43. bxa4 Kg6 44. Kd3 e5 45. Ke4 Kf6
46. g5+ Ke6 47. c4 Kf7 48. Bb2 Kg6 49. Bxe5 Kxg5 50. Bf4+ Kg4 51. Be3 h5 52.
Bd4 h4 53. Bf6 Kg3 54. Be5+ Kg4 {Time forfeit} 0-1

[Event "Rated Blitz tournament REV2EzoK"]
[Site "?"]
[Date "2021.05.01"]
[Round "?"]
[White "MrStahlberg"]
[Black "fuglfonix"]
[Result "1/2-1/2"]
[WhiteElo "2534"]
[BlackElo "2349"]
[PlyCount "81"]
[EventDate "2021.??.??"]
[EventType "blitz"]

1. e4 e5 2. Nf3 d5 3. exd5 e4 4. Qe2 Nf6 5. d3 Qxd5 6. Nc3 Bb4 7. Bd2 Bxc3 8.
Bxc3 O-O 9. dxe4 Nxe4 10. Rd1 Nxc3 11. Rxd5 Nxe2 12. Bxe2 Be6 13. Rc5 c6 14.
O-O Nd7 15. Rc3 Nb6 16. b3 Rad8 17. Re1 Bg4 18. h3 Bxf3 19. Bxf3 Rd2 20. Kf1
Rfd8 21. a4 Kf8 22. g3 a5 23. Rc5 Nd5 24. Bxd5 R8xd5 25. Rxd5 Rxd5 26. Re3 Rd2
27. Rc3 Ke7 28. Ke1 Rd5 29. Ke2 Kd6 30. Rf3 f6 31. h4 Kc5 32. c3 b5 33. Rf4
bxa4 34. Rxa4 Kb6 35. f3 Rb5 36. Ra3 Re5+ 37. Kd3 Rd5+ 38. Ke3 Re5+ 39. Kd3
Rd5+ 40. Ke3 Re5+ 41. Kd3 {Normal} 1/2-1/2

[Event "Rated Blitz game"]
[Site "?"]
[Date "2021.05.01"]
[Round "?"]
[White "jbTraining"]
[Black "Gifroy"]
[Result "1-0"]
[WhiteElo "2423"]
[BlackElo "2421"]
[PlyCount "49"]
[EventDate "2021.??.??"]
[EventType "blitz"]

1. e4 e5 2. Nf3 d5 3. Nxe5 Bd6 4. d4 dxe4 5. Bf4 Nf6 6. Qd2 Nc6 7. Be2 Qe7 8.
Nxc6 bxc6 9. O-O O-O 10. c4 Bf5 11. Nc3 Rad8 12. Rad1 h6 13. Rfe1 Rfe8 14. Qe3
g5 15. Bxd6 Qxd6 16. h3 Qf4 17. Bf1 a5 18. b3 Re7 19. Rd2 Red7 20. Red1 Nh5 21.
Na4 g4 22. Nc5 Re7 23. hxg4 Bxg4 24. Re1 Nf6 25. Qxf4 {Normal} 1-0

[Event "Rated Blitz game"]
[Site "?"]
[Date "2021.05.01"]
[Round "?"]
[White "RomanovRG"]
[Black "blastol"]
[Result "0-1"]
[WhiteElo "2325"]
[BlackElo "2421"]
[PlyCount "138"]
[EventDate "2021.??.??"]
[EventType "blitz"]

1. e4 e5 2. Nf3 d5 3. exd5 Bd6 4. d4 e4 5. Ne5 Nf6 6. c4 O-O 7. Nc3 Re8 8. Bg5
Nbd7 9. Be2 Nxe5 10. dxe5 Bxe5 11. O-O Qd6 12. h3 a6 13. Bxf6 Qxf6 14. Nxe4 Qg6
15. Ng3 Bxg3 16. fxg3 Qxg3 17. Bg4 Re4 18. Bxc8 Rxc8 19. Qb3 Qxb3 20. axb3 Re3
21. Rf3 Rxf3 22. gxf3 Re8 23. Kf2 Kf8 24. Re1 Rxe1 25. Kxe1 Ke7 26. Ke2 Kd6 27.
Ke3 Kc5 28. Kd3 Kb4 29. Kd4 b6 30. Ke5 Kxb3 31. d6 cxd6+ 32. Kxd6 Kxc4 33. Ke7
Kb3 34. Kxf7 Kxb2 35. Kxg7 a5 36. f4 a4 37. f5 a3 38. f6 a2 39. f7 a1=Q 40.
f8=Q Kc1+ 41. Kxh7 Qb1+ 42. Kg8 Qg6+ 43. Qg7 Qe8+ 44. Qf8 Qe6+ 45. Qf7 Qxh3 46.
Qg7 Qc8+ 47. Qf8 Qxf8+ 48. Kxf8 b5 49. Ke7 b4 50. Kd6 b3 51. Kc5 b2 52. Kc4
b1=Q 53. Kc3 Qc2+ 54. Kd4 Qb3 55. Kc5 Kc2 56. Kd4 Qc3+ 57. Kd5 Qb4 58. Ke5 Qc4
59. Kf6 Qd5 60. Ke7 Qc6 61. Kf7 Qd6 62. Kg7 Qe6 63. Kh7 Qf6 64. Kg8 Qe7 65. Kh8
Kd3 66. Kg8 Ke4 67. Kh8 Kf5 68. Kg8 Kg6 69. Kh8 Qg7# {Normal} 0-1

[Event "Rated Blitz game"]
[Site "?"]
[Date "2021.05.01"]
[Round "?"]
[White "Jazzyjef"]
[Black "Slimslik02"]
[Result "0-1"]
[WhiteElo "2557"]
[BlackElo "2378"]
[PlyCount "126"]
[EventDate "2021.??.??"]
[EventType "blitz"]

1. e4 e5 2. Nf3 d5 3. Nc3 d4 4. Ne2 Nc6 5. Ng3 h5 6. h4 a6 7. Bc4 Be7 8. d3 Bg4
9. Bg5 Bxg5 10. hxg5 Nge7 11. Qd2 Ng6 12. Nh4 Nxh4 13. Rxh4 g6 14. f3 Bd7 15.
O-O-O Qe7 16. Rf1 O-O-O 17. f4 Be6 18. Bxe6+ Qxe6 19. Kb1 Qd6 20. f5 Kb8 21.
Rhh1 h4 22. Ne2 Rh5 23. fxg6 fxg6 24. Rf6 Qd7 25. Rxg6 Qg4 26. Ng1 Rf8 27. Nf3
h3 28. Rf6 Rxf6 29. gxf6 hxg2 30. Rxh5 Qxh5 31. Ng1 Qh4 32. a3 Nd8 33. Qxg2
Qxf6 34. Qg8 Ka7 35. Ka2 Nc6 36. Nh3 Qf1 37. Ng5 Qe2 38. Qc4 Qh5 39. Ne6 Qh7
40. Nc5 Qe7 41. Qd5 Qd6 42. Nd7 Ne7 43. Qc5+ Qxc5 44. Nxc5 b6 45. Nd7 Nc6 46.
Nf6 Kb7 47. Nd5 Kc8 48. b4 Kd7 49. Kb3 Nd8 50. c3 b5 51. cxd4 exd4 52. Nf4 c6
53. Ne2 Ne6 54. Kc2 Kd6 55. Kd2 c5 56. bxc5+ Kxc5 57. Kc2 a5 58. Kb3 b4 59. Kc2
b3+ 60. Kb2 a4 61. Kb1 Kb5 62. Kb2 Nc5 63. Nf4 Nxd3+ {Time forfeit} 0-1

[Event "Rated Blitz game"]
[Site "?"]
[Date "2021.05.01"]
[Round "?"]
[White "Lucanian"]
[Black "blastol"]
[Result "1-0"]
[WhiteElo "2419"]
[BlackElo "2419"]
[PlyCount "67"]
[EventDate "2021.??.??"]
[EventType "blitz"]

1. e4 e5 2. Nf3 d5 3. Nc3 dxe4 4. Nxe4 f5 5. Ng3 e4 6. Ng1 Nf6 7. Bb5+ c6 8.
Ba4 Bc5 9. N1e2 Ng4 10. O-O Qh4 11. h3 Nxf2 12. Rxf2 f4 13. Nxe4 Bxf2+ 14. Nxf2
f3 15. Nc3 O-O 16. Bb3+ Kh8 17. d3 Qg3 18. Qf1 Bxh3 19. Nxh3 Nd7 20. Ne4 Qg4
21. Nhf2 Qh5 22. g4 Qg6 23. Qh3 Ne5 24. Bd2 Rae8 25. Bc3 Rf4 26. Bxe5 Rxe5 27.
Re1 h5 28. Re3 a5 29. Rxf3 Rxf3 30. Qxf3 a4 31. Bc4 b5 32. Qf8+ Kh7 33. Qg8+
Kh6 34. Qh8+ {Normal} 1-0

[Event "Rated Blitz game"]
[Site "?"]
[Date "2021.05.01"]
[Round "?"]
[White "julianreyndlc"]
[Black "Slimslik02"]
[Result "0-1"]
[WhiteElo "2555"]
[BlackElo "2366"]
[PlyCount "110"]
[EventDate "2021.??.??"]
[EventType "blitz"]

1. e4 e5 2. Nf3 d5 3. Nxe5 Bd6 4. d4 dxe4 5. Bc4 Bxe5 6. Qh5 Qe7 7. Qxe5 Qxe5
8. dxe5 Nc6 9. Bf4 Nge7 10. c3 Ng6 11. Bg3 Ncxe5 12. Bb3 Nd3+ 13. Ke2 c5 14.
Bd5 Ngf4+ 15. Bxf4 Nxf4+ 16. Ke3 Nxd5+ 17. Kxe4 Be6 18. Nd2 O-O 19. Rhd1 Rfe8
20. Kf3 h5 21. Kg3 Rad8 22. h3 Nf6 23. f3 Rd3 24. Nf1 Red8 25. Rxd3 Rxd3 26.
Re1 g5 27. h4 gxh4+ 28. Kxh4 Bxa2 29. Ra1 Bc4 30. Rxa7 Rd7 31. Ng3 Rd2 32. Rxb7
Rxg2 33. b4 cxb4 34. cxb4 Kg7 35. Nf5+ Kg6 36. Ne7+ Kh6 37. Rb6 Be6 38. Nf5+
Bxf5 39. Rxf6+ Bg6 40. Rb6 Rh2+ 41. Kg3 Rb2 42. Kf4 Rg2 43. Rc6 h4 44. Rc1 h3
45. Rh1 h2 46. Ke5 Kh5 47. b5 Kh4 48. Kd6 Kh3 49. b6 Rb2 50. Kc5 Kg2 51. Rc1
h1=Q 52. Rxh1 Kxh1 53. b7 Rxb7 54. Kd5 Re7 55. Kc6 Kg2 {Normal} 0-1

[Event "Rated Blitz tournament 4DwHcAHV"]
[Site "?"]
[Date "2021.05.01"]
[Round "?"]
[White "Nozdrachev_Leonid"]
[Black "le180878na"]
[Result "1-0"]
[WhiteElo "2414"]
[BlackElo "2443"]
[PlyCount "135"]
[EventDate "2021.??.??"]
[EventType "blitz"]

1. e4 e5 2. Nf3 d5 3. d3 dxe4 4. dxe4 Qxd1+ 5. Kxd1 Bg4 6. Nbd2 Nc6 7. h3 Bh5
8. Bb5 Bd6 9. Bxc6+ bxc6 10. g4 Bg6 11. Nh4 Nf6 12. Nf5 Bxf5 13. exf5 h5 14. g5
Nd5 15. Ne4 O-O-O 16. Ke2 Nf4+ 17. Bxf4 exf4 18. Rad1 Rhe8 19. Kf3 Re5 20.
Nxd6+ cxd6 21. Kxf4 Re2 22. f3 Rxc2 23. Rc1 Rxb2 24. Rxc6+ Kb7 25. Rhc1 Rd7 26.
R6c2 Rb4+ 27. Rc4 Rb2 28. R4c2 Rb4+ 29. Rc4 Rb2 30. R1c2 Rb5 31. a4 Rb1 32. Rc1
Rb3 33. R1c3 Rb1 34. f6 g6 35. Re4 Ka6 36. Rc6+ Ka5 37. Rd4 Rb4 38. Rcc4 Rxc4
39. Rxc4 d5 40. Rd4 Kb6 41. Ke5 Kc5 42. Rd1 d4 43. Ke4 Kc4 44. Rc1+ Kb4 45. Kd3
Kxa4 46. Rc8 Kb5 47. f4 a5 48. Rb8+ Kc6 49. Rc8+ Kd6 50. Ra8 Ke6 51. Rxa5 Rd6
52. Re5+ Kd7 53. Re7+ Kc6 54. Rxf7 Rd5 55. Rg7 Rf5 56. Ke4 d3 57. Rxg6 d2 58.
Kxf5 d1=Q 59. f7+ Kb7 60. f8=Q Qc2+ 61. Kf6 Qc3+ 62. Kf7 Qc4+ 63. Kg7 Qd4+ 64.
Rf6 Qc3 65. Qe7+ Kc8 66. Kh7 Qd3+ 67. g6 Qc3 68. Rf8# {Normal} 1-0